<?xml version="1.0" encoding="UTF-8"?>
<record
    xmlns:xsi="http://www.w3.org/2001/XMLSchema-instance"
    xsi:schemaLocation="http://www.loc.gov/MARC21/slim http://www.loc.gov/standards/marcxml/schema/MARC21slim.xsd"
    xmlns="http://www.loc.gov/MARC21/slim">

  <leader>00330nam a2200145Ia 4500</leader>
  <controlfield tag="003">SEM</controlfield>
  <controlfield tag="008">141116s9999    xx            000 0 und d</controlfield>
  <datafield tag="080" ind1=" " ind2=" ">
    <subfield code="a">252 &#x533;-47</subfield>
  </datafield>
  <datafield tag="100" ind1=" " ind2=" ">
    <subfield code="a">&#x533;&#x587;&#x578;&#x580;&#x563; &#x535;&#x57A;&#x56B;&#x57D;&#x56F;&#x578;&#x57A;&#x578;&#x57D;</subfield>
  </datafield>
  <datafield tag="245" ind1=" " ind2=" ">
    <subfield code="a">&#x554;&#x561;&#x580;&#x578;&#x566;&#x563;&#x56B;&#x580;&#x584;</subfield>
  </datafield>
  <datafield tag="260" ind1=" " ind2=" ">
    <subfield code="a">&#x537;&#x57B;&#x574;&#x56B;&#x561;&#x56E;&#x56B;&#x576; </subfield>
  </datafield>
  <datafield tag="260" ind1=" " ind2=" ">
    <subfield code="c">1917</subfield>
  </datafield>
  <datafield tag="300" ind1=" " ind2=" ">
    <subfield code="a">200</subfield>
  </datafield>
  <datafield tag="942" ind1=" " ind2=" ">
    <subfield code="2">udc</subfield>
    <subfield code="c">BK</subfield>
  </datafield>
  <datafield tag="999" ind1=" " ind2=" ">
    <subfield code="c">50272</subfield>
    <subfield code="d">50272</subfield>
  </datafield>
  <datafield tag="952" ind1=" " ind2=" ">
    <subfield code="0">0</subfield>
    <subfield code="1">0</subfield>
    <subfield code="2">udc</subfield>
    <subfield code="4">0</subfield>
    <subfield code="7">0</subfield>
    <subfield code="d">2014-11-16</subfield>
    <subfield code="l">0</subfield>
    <subfield code="p">19125</subfield>
    <subfield code="r">2014-11-16</subfield>
    <subfield code="w">2014-11-16</subfield>
    <subfield code="y">BK</subfield>
  </datafield>
</record>
